Visual Basic 5 database how-to : the definitive database problem-solver / (Record no. 62108)
[ view plain ]
| 000 -LEADER | |
|---|---|
| fixed length control field | 01311cam a2200325 a 4500 |
| 001 - CONTROL NUMBER | |
| control field | 4017579 |
| 003 - CONTROL NUMBER IDENTIFIER | |
| control field | NUST-PNEC |
| 005 - DATE AND TIME OF LATEST TRANSACTION | |
| control field | 20170116180739.0 |
| 008 - FIXED-LENGTH DATA ELEMENTS--GENERAL INFORMATION | |
| fixed length control field | 970730s1997 caua 001 0 eng |
| 010 ## - LIBRARY OF CONGRESS CONTROL NUMBER | |
| LC control number | 97034130 |
| 020 ## - INTERNATIONAL STANDARD BOOK NUMBER | |
| International Standard Book Number | 1571691049 |
| 020 ## - INTERNATIONAL STANDARD BOOK NUMBER | |
| International Standard Book Number | 8176350524 |
| 040 ## - CATALOGING SOURCE | |
| Original cataloging agency | DLC |
| Transcribing agency | PNEC |
| Modifying agency | DLC |
| 050 00 - LIBRARY OF CONGRESS CALL NUMBER | |
| Classification number | QA76.9.D3 |
| Item number | V567 1997 |
| 082 00 - DEWEY DECIMAL CLASSIFICATION NUMBER | |
| Classification number | 005.43 KEN |
| Edition number | 21 |
| 100 ## - MAIN ENTRY--PERSONAL NAME | |
| 9 (RLIN) | 1090 |
| Personal name | Kennedy, Dennis |
| 245 00 - TITLE STATEMENT | |
| Title | Visual Basic 5 database how-to : the definitive database problem-solver / |
| Statement of responsibility, etc. | Dennis Kennedy ... [et al.]. |
| 246 3# - VARYING FORM OF TITLE | |
| Title proper/short title | Visual Basic five database how-to |
| 260 ## - PUBLICATION, DISTRIBUTION, ETC. | |
| Place of publication, distribution, etc. | Corte Madera, CA /New Delhi : |
| Name of publisher, distributor, etc. | Waite Group Press/Techmedia |
| Date of publication, distribution, etc. | c1997. |
| 300 ## - PHYSICAL DESCRIPTION | |
| Extent | xiii, 1068 p. : |
| Other physical details | ill. ; |
| Dimensions | 23 cm. |
| 500 ## - GENERAL NOTE | |
| General note | Includes index. |
| 630 00 - SUBJECT ADDED ENTRY--UNIFORM TITLE | |
| Uniform title | Visual Basic. |
| 650 #0 - SUBJECT ADDED ENTRY--TOPICAL TERM | |
| Topical term or geographic name entry element | Database management. |
| General subdivision | Computer, MIS |
| 700 1# - ADDED ENTRY--PERSONAL NAME | |
| Personal name | Kennedy, Dennis, |
| Dates associated with a name | 1969- |
| 856 ## - ELECTRONIC LOCATION AND ACCESS | |
| Uniform Resource Identifier | <a href="http://www.amazon.com/Visual-Basic-Database-How--Problem-Solver/dp/1571691049/ref=sr_1_1?s=books&ie=UTF8&qid=1418232337&sr=1-1&keywords=VISUAL+BASIC+5+DATABASE">http://www.amazon.com/Visual-Basic-Database-How--Problem-Solver/dp/1571691049/ref=sr_1_1?s=books&ie=UTF8&qid=1418232337&sr=1-1&keywords=VISUAL+BASIC+5+DATABASE</a> |
| 906 ## - LOCAL DATA ELEMENT F, LDF (RLIN) | |
| a | 7 |
| b | cbc |
| c | orignew |
| d | 1 |
| e | ocip |
| f | 19 |
| g | y-gencatlg |
| 942 ## - ADDED ENTRY ELEMENTS (KOHA) | |
| Source of classification or shelving scheme | |
| Koha item type | Book |
| Withdrawn status | Lost status | Source of classification or shelving scheme | Damaged status | Not for loan | Permanent Location | Current Location | Shelving location | Date acquired | Cost, normal purchase price | Total Checkouts | Full call number | Barcode | Date last seen | Cost, replacement price | Price effective from | Koha item type |
|---|---|---|---|---|---|---|---|---|---|---|---|---|---|---|---|---|
| Pakistan Navy Engineering College (PNEC) | Pakistan Navy Engineering College (PNEC) | 01/13/1999 | 900.00 | 005.43 KEN | PNECLIB-020623 | 12/10/2014 | 900.00 | 01/13/1999 | Book |
